Statistics for European Cup Winners' Cup winners

Click here to take the quiz!

General Stats

  • This quiz has been taken 215 times
  • The average score is 24 of 39

Answer Stats

HintAnswer% Correct
1981-82FC Barcelona
93%
1978-79FC Barcelona
93%
1988-89FC Barcelona
93%
1996-97FC Barcelona
93%
1972-73AC Milan
89%
1967-68AC Milan
89%
1993-94Arsenal FC
86%
1966-67Bayern München
86%
1983-84Juventus FC
86%
1970-71Chelsea FC
85%
1997-98Chelsea FC
85%
1986-87AFC Ajax
84%
1990-91Manchester United
82%
1971-72Glasgow Rangers
75%
1965-66Borussia Dortmund
74%
1984-85FC Everton
71%
1998-99Lazio Roma
71%
1962-63Tottenham Hotspur
69%
1995-96Paris Saint-Germain
68%
1961-62Atletico Madrid
67%
1963-64Sporting CP
65%
1979-80FC Valencia
62%
1982-83FC Aberdeen
60%
1976-77Hamburger SV
59%
1975-76RSC Anderlecht
56%
1977-78RSC Anderlecht
56%
1992-93AC Parma
53%
1969-70Manchester City
53%
1960-61ACF Fiorentina
51%
1964-65West Ham United
46%
1989-90UC Sampdoria
44%
1994-95Real Zaragoza
33%
1991-92Werder Bremen
30%
1987-88KV Mechelen
23%
1973-741. FC Magdeburg
18%
1980-81Dinamo Tbilisi
16%
1968-69Slovan Bratislava
11%
1985-86Dynamo Kyiv
9%
1974-75Dynamo Kyiv
9%

Score Distribution

Percentile by Number Answered

Percent of People with Each Score

Your Score History

You have not taken this quiz